[Event "Kragero op"]
[Site "Kragero"]
[Date "2023.02.23"]
[Round "4"]
[White "Westrum, Kim Roger Hansen"]
[Black "Edvardsen, Ragnar"]
[Result "1-0"]
[WhiteElo "2133"]
[BlackElo "1883"]
[PlyCount "99"]
[EventDate "2023.02.22"]
[EventType "swiss"]
[EventRounds "9"]
[EventCountry "NOR"]
[SourceTitle "CBM 212 Extra"]
[Source "ChessBase"]
[SourceDate "2023.03.31"]
[SourceVersion "1"]
[SourceVersionDate "2023.03.31"]
[SourceQuality "1"]

1. c4 c5 2. Nc3 Nc6 3. g3 e5 4. Bg2 g6 5. a3 Bg7 6. b4 cxb4 7. axb4 Nf6 8. b5 Ne7 9. Nf3 d6 10. Qb3 0-0 11. 0-0 Bg4 12. h3 Bxf3 13. Bxf3 Qc7 14. d3 Nd7 15. Be3 Nc5 16. Bxc5 dxc5 17. Rxa7 Rxa7 18. b6 Qb8 19. bxa7 Qxa7 20. Qxb7 Qxb7 21. Bxb7 Nf5 22. g4 Nd6 23. Bd5 Rb8 24. Na4 Rc8 25. Rb1 Bf8 26. Rb6 Kg7 27. Ra6 Rc7 28. Ra8 f5 29. Kg2 fxg4 30. hxg4 h5 31. f3 Be7 32. Nc3 hxg4 33. fxg4 Nf7 34. Bxf7 Kxf7 35. Nd5 Rb7 36. Nxe7 Rxe7 37. Rc8 e4 38. Rxc5 exd3 39. exd3 Re3 40. Rd5 Ke6 41. Rd4 Ke5 42. Re4+ Rxe4 43. dxe4 Kxe4 44. g5 Kd4 45. Kf3 Kxc4 46. Ke4 Kc5 47. Ke5 Kc6 48. Kf6 Kd6 49. Kxg6 Ke7 50. Kh7 1-0

[Event "NOR-chT Club"]
[Site "Drammen"]
[Date "2019.06.01"]
[Round "3.3"]
[White "Edvardsen, Ragnar"]
[Black "Gullaksen, Eirik Tvedt"]
[Result "0-1"]
[WhiteElo "1947"]
[BlackElo "2327"]
[PlyCount "79"]
[EventDate "2019.05.30"]
[EventType "team-swiss"]
[EventRounds "6"]
[EventCountry "NOR"]
[SourceTitle "CBM 190 Extra"]
[Source "ChessBase"]
[SourceDate "2019.07.15"]
[SourceVersion "1"]
[SourceVersionDate "2019.07.15"]
[SourceQuality "1"]
[WhiteTeam "Drammen Tigers"]
[BlackTeam "Bergens"]
[WhiteTeamCountry "NOR"]
[BlackTeamCountry "NOR"]

1. e4 c5 2. Nf3 Nc6 3. d4 cxd4 4. Nxd4 e5 5. Nb5 d6 6. a4 Be7 7. Be3 Nf6 8. N1c3 a6 9. Na3 Ng4 10. Nd5 Nxe3 11. Nxe3 0-0 12. c3 Rb8 13. Be2 Be6 14. 0-0 g6 15. Nd5 Bg5 16. Nc2 f5 17. exf5 gxf5 18. f4 Bh6 19. Kh1 Kh8 20. fxe5 dxe5 21. c4 Qh4 22. Qe1 Qxe1 23. Raxe1 Rbc8 24. Nb6 Rcd8 25. Rd1 Na5 26. b4 Nb3 27. Rxd8 Rxd8 28. Rd1 Rd2 29. Rxd2 Bxd2 30. c5 a5 31. bxa5 Nxc5 32. Nc4 Bc3 33. Nd6 Bxa5 34. Ne3 f4 35. Nec4 Bc3 36. Kg1 e4 37. a5 Kg7 38. Kf1 Bd5 39. Bg4 Kf6 40. Ke2 0-1

[Event "EU-ch Seniors 50 19th"]
[Site "Rhodes"]
[Date "2019.04.14"]
[Round "9"]
[White "Edvardsen, Ragnar"]
[Black "Karavas, Stamatios"]
[Result "1/2-1/2"]
[WhiteElo "1984"]
[BlackElo "1543"]
[PlyCount "81"]
[EventDate "2019.04.06"]
[EventType "swiss"]
[EventRounds "9"]
[EventCountry "GRE"]
[SourceTitle "CBM 189 Extra"]
[Source "ChessBase"]
[SourceDate "2019.06.03"]
[SourceVersion "1"]
[SourceVersionDate "2019.06.03"]
[SourceQuality "1"]

1. e4 c5 2. Nf3 Nc6 3. d4 cxd4 4. Nxd4 Nf6 5. Nc3 d6 6. Be2 e5 7. Nb3 Be7 8. Be3 a5 9. a4 0-0 10. 0-0 Nb4 11. f4 Be6 12. f5 Bd7 13. Nd5 Nbxd5 14. exd5 Qe8 15. g4 Bxa4 16. Qd3 Bxb3 17. Qxb3 Qc8 18. c4 Ne4 19. Kg2 Nc5 20. Qc2 Qd8 21. Ra3 Bg5 22. Bf2 Bf4 23. h4 f6 24. Rfa1 Qb6 25. Rh3 Qd8 26. b3 b6 27. Rah1 Kf7 28. Be3 Bxe3 29. Rxe3 Rh8 30. Qc1 Ke7 31. Reh3 Qf8 32. Qb1 Kd7 33. Bd1 Kc7 34. Bc2 Qe7 35. Qb2 Na6 36. Rg3 Rag8 37. Ra1 Nb4 38. Be4 Qd7 39. Rf3 Kb8 40. Rff1 Qc7 41. Ra4 1/2-1/2

[Event "EU-ch Seniors 50 18th"]
[Site "Drammen"]
[Date "2018.08.04"]
[Round "1"]
[White "Edvardsen, Ragnar"]
[Black "Lie, Bjorn"]
[Result "1-0"]
[WhiteElo "1969"]
[BlackElo "1551"]
[PlyCount "69"]
[EventDate "2018.08.04"]
[EventType "swiss"]
[EventRounds "9"]
[EventCountry "NOR"]
[SourceTitle "CBM 185 Extra"]
[Source "ChessBase"]
[SourceDate "2018.07.29"]
[SourceVersion "1"]
[SourceVersionDate "2018.07.29"]
[SourceQuality "1"]

1. e4 c5 2. Nf3 Nc6 3. d4 cxd4 4. Nxd4 g6 5. c4 Bg7 6. Be3 Nf6 7. Nc3 d6 8. Be2 0-0 9. 0-0 Bd7 10. Qd2 a6 11. f4 Rc8 12. Rac1 Nxd4 13. Bxd4 Bc6 14. Bf3 Nd7 15. Bxg7 Kxg7 16. Rfd1 Qb6+ 17. Qd4+ Qxd4+ 18. Rxd4 Nc5 19. g3 f5 20. Kf2 e5 21. Rxd6 fxe4 22. Bg4 Nd3+ 23. Rxd3 exd3 24. Bxc8 Rxc8 25. fxe5 Rf8+ 26. Ke3 Rf3+ 27. Kd4 Rf2 28. Rd1 Rxh2 29. b4 d2 30. Ke3 Rg2 31. Ne2 g5 32. Rxd2 g4 33. Nd4 Rxd2 34. Kxd2 Bg2 35. Ke3 1-0

[Event "Gibraltar Masters 16th"]
[Site "Caleta"]
[Date "2018.01.29"]
[Round "7"]
[White "Edvardsen, Ragnar"]
[Black "Wilson, Matthew R"]
[Result "0-1"]
[WhiteElo "1968"]
[BlackElo "1782"]
[PlyCount "102"]
[EventDate "2018.01.23"]
[EventType "swiss"]
[EventRounds "10"]
[EventCountry "GGB"]
[SourceTitle "CBM 183"]
[Source "ChessBase"]
[SourceDate "2018.03.14"]
[SourceVersion "1"]
[SourceVersionDate "2018.03.14"]
[SourceQuality "1"]

1. e4 c5 2. Nf3 e6 3. d4 cxd4 4. Nxd4 a6 5. Nc3 Qc7 6. Bd3 Nf6 7. 0-0 b5 8. Be3 Bb7 9. a3 d6 10. Qe2 Nbd7 11. f4 Be7 12. Kh1 0-0 13. Rae1 Nb6 14. Bg1 h6 15. h3 Nc4 16. Ndxb5 axb5 17. Nxb5 Qd7 18. Bxc4 Nxe4 19. Bf2 Bf6 20. c3 Qc6 21. Qxe4 Qxe4 22. Rxe4 Bxe4 23. Nxd6 Bc6 24. Bb6 Rab8 25. Bc5 Rxb2 26. Rf2 Rxf2 27. Bxf2 Bxc3 28. Kg1 Ra8 29. Bc5 Bb2 30. f5 Bd5 31. fxe6 fxe6 32. Kf2 Bxa3 33. Bxa3 Rxa3 34. Nb5 Ra5 35. Bxd5 exd5 36. Nd4 Kf7 37. h4 Ra4 38. Ke3 Rxd4 39. Kxd4 Ke6 40. h5 Kd6 41. Kd3 Ke5 42. Ke3 d4+ 43. Kd3 Kd5 44. Kd2 Ke4 45. Ke2 d3+ 46. Kd2 Kd4 47. Kd1 Ke3 48. Ke1 d2+ 49. Kd1 Kd3 50. g3 Ke3 51. g4 Kf4 0-1

[Event "Oslo Nordstrand op"]
[Site "Oslo"]
[Date "2017.04.22"]
[Round "2"]
[White "Stanford, Sheila Barth"]
[Black "Edvardsen, Ragnar"]
[Result "1-0"]
[WhiteElo "2166"]
[BlackElo "1969"]
[PlyCount "97"]
[EventDate "2017.04.21"]
[EventType "swiss"]
[EventRounds "5"]
[EventCountry "NOR"]
[SourceTitle "CBM 178 Extra"]
[Source "ChessBase"]
[SourceDate "2017.06.22"]
[SourceVersion "1"]
[SourceVersionDate "2017.06.22"]
[SourceQuality "1"]

1. e4 e5 2. Nf3 Nc6 3. Bc4 Nf6 4. d3 Be7 5. 0-0 0-0 6. Re1 d6 7. c3 Na5 8. Bb5 a6 9. Ba4 b5 10. Bc2 c5 11. Nbd2 Re8 12. Nf1 Bf8 13. d4 Nc6 14. d5 Nb8 15. a4 Bb7 16. Bg5 Nbd7 17. Ng3 h6 18. Be3 g6 19. Nd2 Bg7 20. Qe2 Rb8 21. b4 Qc7 22. Ra2 Bc8 23. axb5 axb5 24. Nb3 cxb4 25. cxb4 Nb6 26. Bd3 Bd7 27. Rc1 Qd8 28. f3 Nbxd5 29. exd5 Nxd5 30. Qd2 Nxe3 31. Qxe3 f5 32. Nf1 Qh4 33. Qe1 Qxe1 34. Rxe1 Be6 35. Nfd2 d5 36. Nc5 Bf7 37. Ra5 e4 38. Bxb5 Bd4+ 39. Kf1 e3 40. Bxe8 Bxe8 41. Ndb3 Bb5+ 42. Rxb5 Rxb5 43. Nxd4 Rxb4 44. Nce6 f4 45. g3 g5 46. gxf4 gxf4 47. Ne2 Kf7 48. N6xf4 d4 49. Rd1 1-0

[Event "Helsingor Xtracon op"]
[Site "Helsingor"]
[Date "2016.07.31"]
[Round "10"]
[White "Palozza, Christian"]
[Black "Edvardsen, Ragnar"]
[Result "1/2-1/2"]
[WhiteElo "2090"]
[BlackElo "1924"]
[PlyCount "69"]
[EventDate "2016.07.23"]
[EventType "swiss"]
[EventRounds "10"]
[EventCountry "DEN"]
[SourceTitle "CBM 173 Extra"]
[Source "ChessBase"]
[SourceDate "2016.08.29"]
[SourceVersion "1"]
[SourceVersionDate "2016.08.29"]
[SourceQuality "1"]

1. d4 Nf6 2. c4 g6 3. Nc3 d5 4. Bf4 Bg7 5. e3 c6 6. Nf3 0-0 7. Bd3 Nbd7 8. cxd5 Nxd5 9. Nxd5 cxd5 10. 0-0 Nf6 11. h3 Bd7 12. Qb3 Qb6 13. Qxb6 axb6 14. Bc7 b5 15. Ne5 Rfc8 16. Bb6 Bc6 17. Bc5 Bf8 18. a3 e6 19. Bxf8 Kxf8 20. Rfc1 Nd7 21. Nxd7+ Bxd7 22. Kf1 Ke7 23. Ke2 Kd6 24. Kd2 Rc6 25. h4 Rac8 26. Rc2 Rxc2+ 27. Bxc2 e5 28. dxe5+ Kxe5 29. Bb3 f5 30. f4+ Kd6 31. Kd3 Bc6 32. Kd4 Re8 33. Bc2 h5 34. Bd3 Ra8 35. b4 1/2-1/2

[Event "Helsingor Xtracon op"]
[Site "Helsingor"]
[Date "2016.07.23"]
[Round "1"]
[White "Edvardsen, Ragnar"]
[Black "Brunello, Sabino"]
[Result "0-1"]
[WhiteElo "1924"]
[BlackElo "2567"]
[PlyCount "66"]
[EventDate "2016.07.23"]
[EventType "swiss"]
[EventRounds "10"]
[EventCountry "DEN"]
[SourceTitle "CBM 173 Extra"]
[Source "ChessBase"]
[SourceDate "2016.08.29"]
[SourceVersion "1"]
[SourceVersionDate "2016.08.29"]
[SourceQuality "1"]

1. e4 c5 2. Nf3 Nc6 3. d4 cxd4 4. Nxd4 e6 5. Nc3 Qc7 6. Be3 a6 7. Be2 Nf6 8. Qd2 b5 9. a3 Bb7 10. f4 d6 11. 0-0 Be7 12. Nb3 0-0 13. Bf3 Rab8 14. Rad1 Nd7 15. e5 d5 16. Qf2 b4 17. axb4 Nxb4 18. Nd4 g6 19. g4 Rfc8 20. Bg2 Bf8 21. h4 a5 22. Bh3 Ba6 23. Rfe1 Nc6 24. Nxc6 Qxc6 25. Bd4 Rxb2 26. f5 Bc5 27. fxg6 fxg6 28. Bxc5 Nxc5 29. Bf1 Rf8 30. Qd2 Nb3 31. Qh6 Qxc3 32. Bxa6 Qg3+ 33. Kh1 Rf2 0-1

[Event "Drammen CC-ch Class2"]
[Site "Drammen"]
[Date "2016.04.12"]
[Round "8"]
[White "Edvardsen, Ragnar"]
[Black "Hamre, Einar"]
[Result "0-1"]
[WhiteElo "1780"]
[BlackElo "1815"]
[PlyCount "60"]
[EventDate "2016.02.02"]
[EventType "swiss"]
[EventRounds "9"]
[EventCountry "NOR"]
[SourceTitle "EXT 2024"]
[Source "ChessBase"]
[SourceDate "2023.10.10"]
[SourceVersion "1"]
[SourceVersionDate "2023.10.10"]
[SourceQuality "1"]

1. d4 d5 2. c4 c6 3. Nf3 Nf6 4. cxd5 cxd5 5. Nc3 g6 6. Bf4 Bg7 7. Bxb8 Rxb8 8. Qa4+ Bd7 9. Qxa7 0-0 10. e3 Ne4 11. Bd3 Bf5 12. Bxe4 Bxe4 13. 0-0 Bxf3 14. gxf3 Qd7 15. Qc5 Rfd8 16. Kg2 e5 17. dxe5 Rbc8 18. Qd4 Rc4 19. Qd1 Rh4 20. Rh1 Qh3+ 21. Kg1 Bxe5 22. Ne2 Bxh2+ 23. Rxh2 Qxh2+ 24. Kf1 Qh3+ 25. Ke1 Qxf3 26. Ng3 Qf6 27. Qe2 Rb4 28. Rb1 d4 29. a3 d3 30. Qd2 Rc4 0-1

[Event "Reykjavik op"]
[Site "Reykjavik"]
[Date "2016.03.15"]
[Round "9"]
[White "Edvardsen, Ragnar"]
[Black "Bottema, Martin"]
[Result "0-1"]
[WhiteElo "1954"]
[BlackElo "2091"]
[PlyCount "98"]
[EventDate "2016.03.08"]
[EventType "swiss"]
[EventRounds "10"]
[EventCountry "ISL"]
[SourceTitle "CBM 171 Extra"]
[Source "ChessBase"]
[SourceDate "2016.04.26"]
[SourceVersion "1"]
[SourceVersionDate "2016.04.26"]
[SourceQuality "1"]

1. d4 Nf6 2. c4 e6 3. Nf3 b6 4. g3 Ba6 5. Qc2 Bb4+ 6. Bd2 Bxd2+ 7. Nbxd2 c5 8. dxc5 bxc5 9. Bg2 Bb7 10. 0-0 Nc6 11. a3 0-0 12. e4 Qc7 13. Rfe1 d6 14. Nf1 Rab8 15. Rad1 Rfd8 16. Ne3 a5 17. b3 Ba8 18. g4 Ne5 19. Nxe5 dxe5 20. f3 Rd4 21. Rxd4 exd4 22. Nf1 e5 23. Ng3 Nd7 24. Bf1 Nf8 25. Bd3 Ng6 26. Nh5 Qd8 27. Rb1 Nh4 28. Qf2 Qg5 29. Kf1 Bc6 30. h3 Be8 31. f4 exf4 32. Qxf4 Qxf4+ 33. Nxf4 Nf3 34. Ke2 Ne5 35. Nd5 Nc6 36. Kf3 Bd7 37. Nf4 a4 38. bxa4 Ne5+ 39. Ke2 Rxb1 40. Bxb1 Bxa4 41. Nd3 Nxd3 42. Bxd3 Kf8 43. h4 Ke7 44. Kf3 h6 45. Kf4 f6 46. e5 g5+ 47. hxg5 hxg5+ 48. Ke4 Ke6 49. exf6 Bc6# 0-1

[Event "Reykjavik op"]
[Site "Reykjavik"]
[Date "2016.03.09"]
[Round "3"]
[White "Edvardsen, Ragnar"]
[Black "Haugli, Petter"]
[Result "0-1"]
[WhiteElo "1954"]
[BlackElo "2244"]
[PlyCount "128"]
[EventDate "2016.03.08"]
[EventType "swiss"]
[EventRounds "10"]
[EventCountry "ISL"]
[SourceTitle "CBM 171 Extra"]
[Source "ChessBase"]
[SourceDate "2016.04.26"]
[SourceVersion "1"]
[SourceVersionDate "2016.04.26"]
[SourceQuality "1"]

1. e4 c5 2. Nf3 e6 3. d4 cxd4 4. Nxd4 Bc5 5. Nc3 Qb6 6. Na4 Qa5+ 7. c3 Bxd4 8. Qxd4 Nf6 9. f3 Nc6 10. Qd1 0-0 11. Be3 d5 12. b4 Qc7 13. Bd3 dxe4 14. fxe4 Ne5 15. Bd4 Nxd3+ 16. Qxd3 e5 17. Bf2 Qc6 18. b5 Qxe4+ 19. Qxe4 Nxe4 20. 0-0 b6 21. c4 Be6 22. c5 Nxf2 23. Rxf2 bxc5 24. Nxc5 Bc4 25. b6 axb6 26. Nd7 b5 27. Nxe5 Be6 28. Rb2 f6 29. Nc6 Bc4 30. Kf2 Rfe8 31. Nd4 Re5 32. Re1 Rd5 33. Nb3 Rf5+ 34. Kg1 Bxb3 35. axb3 Ra3 36. Rf1 Re5 37. Rf3 Kf7 38. Kf2 h5 39. Rc2 Kg6 40. g3 Rd5 41. h4 Rf5 42. Rxf5 Kxf5 43. Rc5+ Kg4 44. Rxb5 Ra2+ 45. Kf1 Rc2 46. b4 Rc3 47. Rb7 g5 48. hxg5 fxg5 49. b5 Rxg3 50. b6 Rb3 51. Rb8 Kg3 52. b7 g4 53. Rh8 Rxb7 54. Rxh5 Rb1+ 55. Ke2 Kg2 56. Rh7 g3 57. Rh8 Kg1 58. Rh7 g2 59. Rh8 Rb5 60. Rh7 Re5+ 61. Kd2 Kf2 62. Rf7+ Kg3 63. Rg7+ Kf3 64. Rg8 Re4 0-1

[Event "Drammen CC-ch"]
[Site "Drammen"]
[Date "2015.03.10"]
[Round "6"]
[White "Edvardsen, Ragnar"]
[Black "Henriksen, Geir Ivar"]
[Result "0-1"]
[WhiteElo "2031"]
[BlackElo "2194"]
[PlyCount "62"]
[EventDate "2015.01.13"]
[EventType "swiss"]
[EventRounds "9"]
[EventCountry "NOR"]
[SourceTitle "EXT 2024"]
[Source "ChessBase"]
[SourceDate "2023.10.10"]
[SourceVersion "1"]
[SourceVersionDate "2023.10.10"]
[SourceQuality "1"]

1. e4 c5 2. Nf3 e6 3. d4 cxd4 4. Nxd4 Nc6 5. Nc3 Qc7 6. Be3 a6 7. Qf3 Nf6 8. 0-0-0 Be7 9. Be2 0-0 10. g4 d6 11. g5 Nd7 12. h4 b5 13. h5 Bb7 14. Qh3 Nxd4 15. Rxd4 Nc5 16. f3 Rac8 17. Bd1 d5 18. Rd2 b4 19. Ne2 dxe4 20. Bxc5 Qxc5 21. g6 Qe3 22. fxe4 Qxh3 23. gxh7+ Kxh7 24. Rxh3 Bg5 25. Ng3 Rcd8 26. Nf1 Bxe4 27. Ne3 f5 28. Rxd8 Rxd8 29. c4 f4 30. Bc2 Bxc2 31. Nxc2 f3+ 0-1

[Event "Drammen CC-ch"]
[Site "Drammen"]
[Date "2014.04.08"]
[Round "9"]
[White "Hamre, Einar"]
[Black "Edvardsen, Ragnar"]
[Result "0-1"]
[WhiteElo "1825"]
[BlackElo "1878"]
[PlyCount "72"]
[EventDate "2014.01.14"]
[EventType "swiss"]
[EventRounds "9"]
[EventCountry "NOR"]
[SourceTitle "EXT 2024"]
[Source "ChessBase"]
[SourceDate "2023.10.10"]
[SourceVersion "1"]
[SourceVersionDate "2023.10.10"]
[SourceQuality "1"]

1. e4 e5 2. Nf3 Nc6 3. Bc4 Nf6 4. Ng5 Bc5 5. Bxf7+ Ke7 6. Bd5 Rf8 7. 0-0 d6 8. h3 Qe8 9. c3 Qg6 10. d4 exd4 11. Bxc6 bxc6 12. cxd4 Bb6 13. e5 Nd5 14. Kh2 Bf5 15. Nc3 Rae8 16. exd6+ Qxd6+ 17. f4 Kd8 18. Nf3 Nxf4 19. Ne5 Ng6 20. Bg5+ Kc8 21. Rxf5 Rxf5 22. Qg4 Qe6 23. Nxc6 Rxg5 24. Qxg5 Qxc6 25. Rd1 h6 26. Qf5+ Kb7 27. d5 Qd6+ 28. Kh1 Re5 29. Qf3 Nh4 30. Qg4 Nf5 31. Qf3 Nd4 32. Qg4 Rg5 33. Qe4 Qe5 34. Qd3 Rg3 35. Qc4 Re3 36. Qf1 Nf5 0-1